Estudio de prefactibilidad para la construcción del tramo de carretera San Sebastián de Yalí – Condega (38.92 km) y empalme la laguna – La Laguna 1.47km
Esta propuesta tiene como finalidad el mejoramiento económico y social de la comunidad. Se pretende que aumentará la producción local y el flujo vehicular, se experimentaran mejoras en las condiciones de productividad. Con la apertura de la carretera el tramo de carretera San Sebastián de Yalí...
| Main Authors: | , |
|---|---|
| Other Authors: | |
| Format: | Tesis Section = Libro |
| Language: | Undetermined Spanish |
| Published: |
Managua
UNI
2022
|
| Subjects: |
| LEADER | 01318nam a2200241Ia 4500 | ||
|---|---|---|---|
| 008 | 240830s9999 xx 000 0 und d | ||
| 040 | |a BIBLIOTECA-RUPAP/ Mon 625.7 S731 | ||
| 041 | |a spa | ||
| 082 | |a Mon 625.7 S731 | ||
| 100 | 1 | |a Soza, Héctor Adán | |
| 100 | 1 | |b Terán Soza, Douglas Brandon | |
| 245 | 1 | 0 | |a Estudio de prefactibilidad para la construcción del tramo de carretera San Sebastián de Yalí – Condega (38.92 km) y empalme la laguna – La Laguna 1.47km |
| 260 | |a Managua |b UNI |c 2022 | ||
| 300 | |a 215 p. :il. | ||
| 500 | |a Contiene: anexos y CD. | ||
| 502 | |a Tesis (Ingeniero Civil) - UNI, 2022. | ||
| 520 | 3 | |a Esta propuesta tiene como finalidad el mejoramiento económico y social de la comunidad. Se pretende que aumentará la producción local y el flujo vehicular, se experimentaran mejoras en las condiciones de productividad. Con la apertura de la carretera el tramo de carretera San Sebastián de Yalí – Condega y empalme La Laguna- La Laguna aumentara en ambos sentidos de circulación haciendo necesario la apertura de una vía alterna con buenas condiciones para el transporte loca. | |
| 650 | 7 | |a CONSTRUCCION DE CARRETERAS | |
| 650 | 7 | |b ESTUDIOS DE FACTIBILIDAD | |
| 700 | 1 | |a Tutor: |b Acevedo Ampié, Guillermo José | |
| 942 | |c BK |2 ddc | ||
| 991 | |a Tesis | ||
| 999 | |c 27745 | ||